header

Hedge funds, systemic risk, and Dodd-Frank (Record no. 14040)

MARC details
000 -LEADER
fixed length control field 01712nam a2200385Ia 4500
100 1# - MAIN ENTRY--AUTHOR NAME
Personal name Dixon, Lloyd S.
245 10 - TITLE STATEMENT
Title Hedge funds, systemic risk, and Dodd-Frank
260 ## - PUBLICATION, DISTRIBUTION, ETC. (IMPRINT)
Place of publication Santa Monica, CA :
Name of publisher RAND Corporation,
Year of publication 2013.
300 ## - PHYSICAL DESCRIPTION
Number of Pages ix, 11 p.
500 ## - GENERAL NOTE
General note "RAND Center for Corporate Ethics and Governance."
General note Proceedings of a Rand policy symposium, Washington D.C., September 24, 2012.
650 #0 - SUBJECT ADDED ENTRY--TOPICAL TERM
Topical Term Hedge funds
Topical Term Hedge funds
Topical Term Hedge funds
700 1# - ADDED ENTRY--PERSONAL NAME
Personal name Clancy, Noreen.
Personal name Kumar, Krishna B.
856 40 - ELECTRONIC LOCATION AND ACCESS
Uniform Resource Identifier http://site.ebrary.com/lib/rucke/Doc?id=10744764

No items available.

© 2026 Rongo University
Contact us: librarian | system librarian | Rongo university